Mayflower : (Record no. 110509)

MARC details
000 -LEADER
campo de control de longitud fija 02887cam a2200409Ia 4500
001 - NÚMERO DE CONTROL
campo de control 50729
005 - FECHA Y HORA DE LA ÚLTIMA TRANSACCIÓN
campo de control 20230411090005.0
008 - DATOS DE LONGITUD FIJA--INFORMACIÓN GENERAL
campo de control de longitud fija 070417r2006 nyuab b 001 0 eng d
035 ## - NÚMERO DE CONTROL DEL SISTEMA
Número de control de sistema (OCoLC)ocn123169001
040 ## - FUENTE DE CATALOGACIÓN
Centro catalogador/agencia de origen GO3
Centro/agencia transcriptor GO3
Centro/agencia modificador BAKER
-- YDXCP
-- BTCTA
-- IUI
-- VP@
020 ## - NÚMERO INTERNACIONAL ESTÁNDAR DEL LIBRO
Número Internacional Estándar del Libro 9780143111979
020 ## - NÚMERO INTERNACIONAL ESTÁNDAR DEL LIBRO
Número Internacional Estándar del Libro 0143111973
029 1# - OTRO NÚMERO DE CONTROL DE SISTEMA (OCLC)
Identificador de la biblioteca OCLC YDXCP
Número de control de sistema 2377768
029 1# - OTRO NÚMERO DE CONTROL DE SISTEMA (OCLC)
Identificador de la biblioteca OCLC NLGGC
Número de control de sistema 30270860X
035 ## - NÚMERO DE CONTROL DEL SISTEMA
Número de control de sistema (OCoLC)123169001
043 ## - CÓDIGO DE ÁREA GEOGRÁFICA
Código de área geográfica n-us-ma
082 04 - NÚMERO DE LA CLASIFICACIÓN DECIMAL DEWEY
Número de clasificación 973.2/2
Número de edición 22
049 ## - FONDOS LOCALES (OCLC)
Biblioteca depositaria GRAL
100 1# - ENTRADA PRINCIPAL--NOMBRE DE PERSONA
Nombre de persona Philbrick, Nathaniel.
245 10 - MENCIÓN DEL TÍTULO
Título Mayflower :
Resto del título a story of courage, community, and war /
Mención de responsabilidad, etc. Nathaniel Philbrick.
260 ## - PUBLICACIÓN, DISTRIBUCIÓN, ETC.
Lugar de publicación, distribución, etc. New York :
Nombre del editor, distribuidor, etc. Penguin Books,
Fecha de publicación, distribución, etc. 2006
300 ## - DESCRIPCIÓN FÍSICA
Extensión xv, 463 p. :
Otras características físicas ill., maps ;
Dimensiones 21 cm.
500 ## - NOTA GENERAL
Nota general First published in the United States of America by Viking Penguin, 2006.
504 ## - NOTA DE BIBLIOGRAFÍA, ETC.
Nota de bibliografía, etc. Includes bibliographical references (p. [417]-445) and index.
520 ## - RESUMEN, ETC.
Sumario, etc. From the perilous ocean crossing to the shared bounty of the first Thanksgiving, the Pilgrim settlement of New England has become enshrined as our most sacred national myth. Yet, as author Philbrick reveals, the true story of the Pilgrims is much more than the well-known tale of piety and sacrifice; it is a 55-year epic. The Mayflower's religious refugees arrived in Plymouth Harbor during a period of crisis for Native Americans, as disease spread by European fishermen devastated their populations. Initially the two groups maintained a fragile working relationship. But within decades, New England erupted into King Philip's War, a savage conflict that nearly wiped out colonists and natives alike, and forever altered the face of the fledgling colonies and the country that would grow from them. Philbrick has fashioned a fresh portrait of the dawn of American history--dominated right from the start by issues of race, violence, and religion.--From publisher description.
505 0# - NOTA DE CONTENIDO CON FORMATO
Nota de contenido con formato Discovery: 1. They knew they were pilgrims -- 2. Dangerous shoals and roaring breakers -- 3. Into the void -- 4. Beaten with their own rod -- 5. The heart of the winter -- 6. In the dark and dismal swamp -- 7. Thanksgiving -- Accommodation: 8. The wall -- 9. A ruffling course -- Community: -- 10. One small candle -- 11. The ancient mother -- 12. The trial -- War: 13. Kindling the flame -- 14. The god of armies -- 15. In a strange way -- 16. The better side of the hedge -- Epilogue : Conscience.
650 #0 - PUNTO DE ACCESO ADICIONAL DE MATERIA--TÉRMINO DE MATERIA
Término de materia o nombre geográfico como elemento de entrada Pilgrims (New Plymouth Colony)
651 #0 - PUNTO DE ACCESO ADICIONAL DE MATERIA--NOMBRE GEOGRÁFICO
Nombre geográfico Massachusetts
Subdivisión general History
Subdivisión cronológica New Plymouth, 1620-1691.
600 10 - PUNTO DE ACCESO ADICIONAL DE MATERIA--NOMBRE DE PERSONA
Nombre de persona Bradford, William,
Fechas asociadas al nombre 1590-1657.
600 10 - PUNTO DE ACCESO ADICIONAL DE MATERIA--NOMBRE DE PERSONA
Nombre de persona Church, Benjamin,
Fechas asociadas al nombre 1639-1718.
650 #0 - PUNTO DE ACCESO ADICIONAL DE MATERIA--TÉRMINO DE MATERIA
Término de materia o nombre geográfico como elemento de entrada Indians of North America
Subdivisión general Wars
Subdivisión cronológica 1600-1750.
938 ## -
-- Baker & Taylor
-- BKTY
-- 16.00
-- 12.00
-- 0143111973
-- 0007045503
-- active
938 ## -
-- Baker and Taylor
-- BTCP
-- BK0007045503
938 ## -
-- YBP Library Services
-- YANK
-- 2529706
942 ## - ELEMENTOS DE ENTRADA SECUNDARIOS (KOHA)
Fuente del sistema de clasificación o colocación Clasificación de Library of Congress
Tipo de ítem Koha
994 ## -
-- C0
-- DRFGD
Holdings
Estatus retirado Estado de pérdida Fuente del sistema de clasificación o colocación Estado de daño No para préstamo Colección Biblioteca de origen Biblioteca actual Ubicación en estantería Fecha de adquisición Código de barras Visto por última vez Copia número Tipo de ítem Koha
    Clasificación de Library of Congress     Automatización y Procesos Técnicos Biblioteca Juan Bosch Biblioteca Juan Bosch Automatización y Procesos Técnicos (1er. Piso) 11/04/2023 00000051851 17/02/2019 1